[Event "SAIF POWERTEC 45th BAN Ch 2019"]
[Site "Dhaka"]
[Date "2019.11.10"]
[Round "9.10"]
[White "Mohammed Abdul, Malek"]
[Black "Md Emdadul, Haque"]
[Result "*"]
[WhiteElo "2196"]
[BlackElo "2070"]
[Annotator "RC"]
[PlyCount "65"]
[EventDate "2019.11.02"]
[EventType "swiss"]
[EventCountry "BAN"]
[SourceTitle "playchess.com"]
[Source "ChessBase"]
[SourceQuality "1"]
[TimeControl "40/5400+30:1800+30"]

1. d4 {[%emt 0:00:00]} Nf6 {[%emt 0:00:00]} 2. c4 {[%emt 0:00:00]} d5 {[%emt 0:00:20]} 3. cxd5 {[%emt 0:01:05]} Nxd5 {[%emt 0:00:54]} 4. e4 {[%emt 0:00:02]} Nb6 {[%emt 0:00:21]} 5. Nc3 {[%emt 0:00:21]} e6 {[%emt 0:01:03]} 6. Be3 {[%emt 0:00:17]} N8d7 {[%emt 0:00:53]} 7. Nf3 {[%emt 0:00:28]} Nf6 {[%emt 0:01:10]} 8. h3 {[%emt 0:00:19]} Bd7 {[%emt 0:01:34]} 9. Rc1 {[%emt 0:01:44]} Bb4 {[%emt 0:00:45]} 10. Bd3 {[%emt 0:00:18]} h6 {[%emt 0:03:25]} 11. O-O {[%emt 0:00:06]} c6 {[%emt 0:01:28]} 12. Ne5 {[%emt 0:01:21]} Be7 {[%emt 0:03:50]} 13. f4 {[%emt 0:00:49]} g6 {[%emt 0:02:03]} 14. a4 {[%emt 0:01:35]} h5 {[%emt 0:00:45]} 15. a5 {[%emt 0:00:27]} Nc8 {[%emt 0:00:06]} 16. a6 {[%emt 0:00:34]} bxa6 {[%emt 0:03:05]} 17. Na4 {[%emt 0:01:06]} O-O {[%emt 0:02:48]} 18. Nc5 {[%emt 0:01:36]} Bxc5 {[%emt 0:01:00]} 19. Rxc5 {[%emt 0:00:04]} Qb6 {[%emt 0:01:47]} 20. f5 {[%emt 0:00:30]} exf5 {[%emt 0:01:04]} 21. Bg5 {[%emt 0:01:11]} Qxb2 {[%emt 0:01:05]} 22. Bb1 {[%emt 0:00:36]} fxe4 {[%emt 0:05:39]} 23. Bxf6 {[%emt 0:00:50]} Be6 {[%emt 0:01:05]} 24. d5 {[%emt 0:03:42]} Bxh3 {[%emt 0:09:53]} 25. gxh3 {[%emt 0:02:55]} Qa3 {[%emt 0:00:08]} 26. Rc2 {[%emt 0:03:35]} Qe3+ {[%emt 0:02:10]} 27. Kh2 {[%emt 0:01:10]} cxd5 {[%emt 0:00:24]} 28. Rg2 {[%emt 0:00:35]} Kh7 {[%emt 0:02:27]} 29. Rf5 {[%emt 0:03:11]} Qh6 {[%emt 0:02:32]} 30. Nxf7 {[%emt 1:14:33]} Rxf7 {[%emt 0:02:33]} 31. Qxd5 {[%emt 0:01:13]} Rf8 {[%emt 0:07:11]} 32. Qd7+ {[%emt 0:00:56]} Kg8 {[%emt 0:01:11]} 33. Ba2+ {[%emt 1:05:16]} *

[Event "SAIF POWERTEC 45th BAN Ch 2019"]
[Site "Dhaka"]
[Date "2019.11.10"]
[Round "9.10"]
[White "Mohammed Abdul, Malek"]
[Black "Md Emdadul, Haque"]
[Result "1-0"]
[WhiteElo "2196"]
[BlackElo "2070"]
[Annotator "TA"]
[PlyCount "47"]
[EventDate "2019.11.02"]
[EventType "swiss"]
[EventCountry "BAN"]
[SourceTitle "playchess.com"]
[Source "ChessBase"]
[SourceQuality "1"]

{[%evp 10,65,97,87,115,106,149,136,140,101,104,93,154,158,183,164,164,152,221,209,405,422,391,353,474,401,496,348,308,291,883,844,822,605,606,564,1240,1222,1876,989,1317,1300,1260,1119,1977,1945,29991,29991,29991,29990,29990,29990,29990,29991,29996,29997,29998,29999]} 1. d4 Nf6 2. c4 d5 3. cxd5 Nxd5 4. e4 Nb6 5. Nc3 e6 6. Be3 N8d7 {D06: Queen's Gambit: Symmetrical and Baltic Defences} 7. Nf3 Nf6 (7... Be7 8. a4 a5 9. Qb3 O-O 10. Rd1 Bb4 11. Be2 Nf6 12. Nd2 Bd7 13. Ra1 Bc6 14. f3 {1-0 (42) Kotanjian,T (2546)-Dimakiling,O (2414) Jakarta 2011}) 8. h3 Bd7 {White is clearly better.} 9. Rc1 $146 ({Predecessor:} 9. a3 Be7 10. Bd3 O-O 11. O-O g6 12. Ne5 Nh5 13. Be2 Ng7 14. Qc2 {1-0 (31) Stauskas,L (2272)-Jonkus,L (1896) Plateliai 2016}) 9... Bb4 10. Bd3 h6 (10... c5 $142) 11. O-O $16 c6 12. Ne5 Be7 13. f4 g6 (13... O-O $16 14. Qf3 Be8) 14. a4 h5 $2 (14... Bc8 {was called for.} 15. a5 Nbd7) 15. a5 $18 Nc8 16. a6 bxa6 17. Na4 O-O 18. Nc5 Bxc5 19. Rxc5 Qb6 $2 (19... Ne7 20. g4 Rb8) 20. f5 exf5 21. Bg5 Qxb2 22. Bb1 fxe4 23. Bxf6 Be6 24. Nxc6 {Played: d4-d5} 1-0

[Event "SAIF POWERTEC 45th BAN Ch 2019"]
[Site "Dhaka"]
[Date "2019.11.10"]
[Round "9.11"]
[White "Rahman, Syed Mahfuzur"]
[Black "Jamal Uddin"]
[Result "1-0"]
[WhiteElo "2156"]
[BlackElo "2064"]
[Annotator "TA"]
[PlyCount "63"]
[EventDate "2019.11.02"]
[EventType "swiss"]
[EventCountry "BAN"]
[SourceTitle "playchess.com"]
[Source "ChessBase"]
[SourceQuality "1"]

{[%evp 10,63,36,31,39,31,32,31,29,20,26,6,48,53,41,59,53,54,65,68,74,43,39,19,129,146,150,139,158,145,135,147,210,196,304,237,427,423,531,531,587,587,556,555,529,517,514,512,1483,1465,1406,1345,29987,29988,29997,29997]} 1. d4 Nf6 2. c4 e6 3. Nf3 d5 4. Nc3 c6 5. Bg5 Bb4 6. Qb3 Be7 {D43: Semi-Slav: 5 Bg5 h6} 7. Rc1 Nbd7 8. e3 h6 $146 {White is slightly better.} ({Predecessor:} 8... O-O 9. Bd3 a6 10. Bb1 b5 11. c5 Ne8 12. Bxe7 Qxe7 13. e4 f5 14. e5 {1-0 (46) Obsivac,J (2361)-Dolezal,R (2399) Ostrava 2017}) 9. Bf4 Nh5 10. cxd5 exd5 11. Nxd5 Qa5+ 12. Nc3 Nxf4 13. exf4 Qf5 14. g3 Nb6 15. Bg2 Be6 16. Qc2 Qh5 (16... Qxc2 $11 17. Rxc2 O-O-O) 17. O-O O-O 18. Ne5 Rfd8 19. Rcd1 Bf8 20. Rfe1 Bb4 (20... Bf5 $16 {was worth a try.} 21. Be4 Bxe4 22. Rxe4 (22. Qxe4 Rac8 $16) 22... f6) 21. Be4 $18 Rac8 (21... Rf8 {was called for.} 22. a3 Bd6) 22. a3 Bd6 $2 (22... Bxc3 23. bxc3 g6) 23. Bh7+ Kh8 {[#]} 24. Bg6 $1 {[%mdl 512]} fxg6 25. Nxg6+ {[%mdl 64] Discovered Attack} Kg8 {...Bg4 is the strong threat.} 26. Rxe6 Nd5 {[#]} 27. Rxd6 $1 Rxd6 28. Nxd5 {[%mdl 64] Pin} Rcd8 (28... Rxd5 $142 29. Ne7+ {[%mdl 64] Double Attack} Kh8 30. Nxc8 Qe8 31. Nxa7 Ra5) 29. Nde7+ Kf7 30. Qb3+ {[%mdl 64] Double Attack} Ke8 31. Re1 Kd7 32. Qxb7+ {[%mdl 64] Double Attack. Accuracy: White = 73%, Black = 36%.} 1-0

[Event "SAIF POWERTEC 45th BAN Ch 2019"]
[Site "Dhaka"]
[Date "2019.11.10"]
[Round "9.12"]
[White "Saiful Islam, Chowdhury"]
[Black "Hossain, Delwar"]
[Result "1-0"]
[WhiteElo "2159"]
[BlackElo "2092"]
[Annotator "NA"]
[PlyCount "151"]
[EventDate "2019.11.02"]
[EventType "swiss"]
[EventCountry "BAN"]
[SourceTitle "playchess.com"]
[Source "ChessBase"]
[SourceQuality "1"]
[TimeControl "40/5400+30:1800+30"]

{[%evp 42,151,92,93,70,81,95,106,94,97,119,126,188,194,209,221,189,195,229,181,173,130,153,156,315,303,341,358,365,297,341,340,522,310,335,438,554,668,716,345,289,361,460,357,423,424,424,94,60,22,62,0,0,0,0,0,20,0,0,0,0,0,0,0,0,0,0,-7,186,154,193,113,173,202,152,38,103,0,66,36,50,22,54,32767,580,0,1103,1781,1427,6079,6175,11904,32767,32767,32767,32767,32767,32767,32767,32767,32767,32767,32767,32767,32767,32767,32767,32767,12851,29988,12851,29988]} 1. e4 {[%emt 1:30:30]} d6 {[%emt 1:30:30]} 2. d4 {[%emt 0:00:30]} Nf6 {[%emt 0:00:30]} 3. Nc3 {[%emt 0:00:30]} g6 {[%emt 0:00:30]} 4. Nge2 {[%emt 0:00:30]} Bg7 {[%emt 0:00:30]} 5. f3 {[%emt 0:00:30]} (5. g3 O-O 6. Bg2 e5 7. O-O Nc6 8. dxe5 dxe5 9. Bg5 Bg4 10. Qc1 Qc8 11. Re1 Re8 12. Nd5 Nd7 13. c3 f6 14. Be3 Nd8 15. h3 Be6 16. Kh2 c6 17. Nb4 Nf7 {½-½ (40) Durarbayli,V (2590)-Petrosian,T (2629) Warsaw 2014}) 5... Nc6 {[%emt 0:00:30]} 6. Be3 {[%emt 0:00:30] B06: Modern Defence} a6 {[%emt 0:00:30]} 7. Qd2 {[%emt 0:00:30]} O-O {[%emt 0:00:30]} 8. g4 {[%emt 0:00:30]} e5 {[%emt 0:00:30]} 9. d5 {[%emt 0:00:30]} Nb8 $146 {[%emt 0:00:30]} ({Predecessor:} 9... Na5 10. Ng3 c5 11. dxc6 bxc6 12. Na4 Nb7 13. Nb6 Be6 14. Nxa8 Qxa8 {1-0 (29) Bauer,W-Brinkmann,W GER corr 1998}) 10. Ng3 {[%emt 0:00:30]} Ne8 {[%emt 0:00:30]} 11. h4 {[%emt 0:00:30]} f6 {[%emt 0:00:30]} 12. O-O-O {[%emt 0:00:30]} Rf7 {[%emt 0:00:30]} 13. Bh3 {[%emt 0:00:30]} a5 {[%emt 0:00:30]} 14. Bh6 {[%emt 0:00:30]} Na6 {[%emt 0:00:30]} 15. Bxg7 {[%emt 0:00:30]} Nxg7 {[%emt 0:00:30]} 16. Nce2 {[%emt 0:00:30]} Nc5 {[%emt 0:00:30]} 17. Rh2 {[%emt 0:00:30]} Bd7 {[%emt 0:00:30]} 18. Rdh1 {[%emt 0:00:30]} Qe7 {[%emt 0:00:30]} 19. Bg2 {[%emt 0:00:30]} Ne8 {[%emt 0:00:30]} 20. g5 {[%emt 0:00:30]} fxg5 {[%emt 0:00:30]} 21. h5 {[%emt 0:00:30]} Rg7 {[%emt 0:00:30]} (21... gxh5 $1 $11 22. Rxh5 g4 23. fxg4 Nf6 24. Rg5+ Kh8) 22. hxg6 {[%emt 0:00:30]} hxg6 {[%emt 0:00:30]} 23. Ng1 {[%emt 0:00:30]} Qf6 {[%emt 0:00:30]} 24. Rh8+ {[%emt 0:00:30]} Kf7 {[%emt 0:00:30]} 25. N3e2 {[%emt 0:00:30]} Ke7 {[%emt 0:00:30] [#]} 26. Nh3 $1 {[%emt 0:00:30]} Bxh3 {[%emt 0:00:30]} 27. Bxh3 {[%emt 0:00:30]} ({But not} 27. R1xh3 $6 Kf7 $16) 27... Rf7 {[%emt 0:00:30]} 28. Bg4 {[%emt 0:00:30]} Rf8 {[%emt 0:00:30]} 29. R8h7+ {[%emt 0:00:30]} Ng7 {[%emt 0:00:30]} 30. R1h6 {[%emt 0:00:30]} Rf7 {[%emt 0:00:30]} 31. b3 {[%emt 0:00:30]} (31. Kb1 $18) 31... b6 {[%emt 0:00:30]} 32. a3 {[%emt 0:00:30]} Ra7 $2 {[%emt 0:00:30]} (32... Rg8 $16 33. Kb2 Nd7) 33. Kb2 {[%emt 0:00:30]} Ne8 {[%emt 0:00:30]} 34. Rxf7+ {[%emt 0:00:30]} Kxf7 {[%emt 0:00:30] [#]} 35. Bf5 $1 {[%emt 0:00:30]} gxf5 {[%emt 0:00:30]} 36. Rxf6+ {[%emt 0:00:30]} Kxf6 {[%emt 0:00:30]} (36... Nxf6 {was necessary.} 37. Qxg5 fxe4) 37. Ng3 {[%emt 0:00:30]} fxe4 {[%emt 0:00:30]} 38. fxe4 {[%emt 0:00:30]} Kg6 {[%emt 0:00:30]} (38... Ra8 $142 39. Qf2+ Ke7) 39. Qf2 {[%emt 0:00:30]} Ng7 {[%emt 0:00:30]} 40. Nf5 {[%emt 0:00:30]} Nxf5 {[%emt 0:00:30]} 41. Qxf5+ {[%emt 0:30:30]} Kh6 {[%emt 0:30:30]} 42. b4 {[%emt 0:00:30]} axb4 {[%emt 0:00:30]} 43. axb4 {[%emt 0:00:30]} Na6 {[%emt 0:00:30]} 44. Qf8+ $2 {[%emt 0:00:30]} (44. Qh3+ $18 Kg6 45. Qa3) 44... Kh5 {[%emt 0:00:30] [#]} 45. c3 $2 {[%emt 0:00:30]} (45. Kb3 $1 $18) 45... g4 $1 {[%emt 0:00:30]} 46. Kc2 {[%emt 0:00:30]} (46. Qf2 $16) 46... Kh4 {[%emt 0:00:30]} 47. Qh8+ {[%emt 0:00:30]} Kg3 {[%emt 0:00:30]} 48. Qh1 {[%emt 0:00:30]} Ra8 {[%emt 0:00:30]} 49. Kd3 {[%emt 0:00:30]} Rf8 {[%emt 0:00:30]} 50. Qg1+ {[%emt 0:00:30]} Kh4 {[%emt 0:00:30]} 51. Qh2+ {[%emt 0:00:30]} Kg5 {[%emt 0:00:30]} 52. Kc4 {[%emt 0:00:30]} Rf3 {[%emt 0:00:30]} 53. Kb5 {[%emt 0:00:30]} Nb8 {[%emt 0:00:30]} 54. c4 {[%emt 0:00:30]} Nd7 $2 {[%emt 0:00:30]} (54... g3 $11 {and Black is okay.} 55. Qh7 Kf4) 55. Kc6 {[%emt 0:00:30]} Nf6 {[%emt 0:00:30]} 56. Kxc7 {[%emt 0:00:30]} Nxe4 {[%emt 0:00:30]} 57. Kxb6 {[%emt 0:00:30]} g3 {[%emt 0:00:30] [#]} 58. Qg2 $2 {[%emt 0:00:30]} ({Only move:} 58. Qh1 $1 $18 {[%cal Rh1f3]} Kf4 59. c5) 58... Kf4 {[%emt 0:00:30]} 59. c5 {[%emt 0:00:30]} Rf2 {[%emt 0:00:30]} 60. Qg1 {[%emt 0:00:30]} dxc5 $1 {[%emt 0:00:30]} 61. bxc5 {[%emt 0:00:30]} Rc2 $1 {[%emt 0:00:30]} 62. Qf1+ {[%emt 0:00:30]} Kg5 $2 {[%emt 0:00:30]} (62... Ke3 $11 {and Black is okay.}) 63. Qe1 $2 {[%emt 0:00:30]} ({Only move:} 63. Qf3 $18 Nxc5 64. Qxg3+ {[%mdl 64] Double Attack} Kf6 65. Qf3+ Ke7 {[#]} 66. d6+ $1 {[%mdl 512]} Ke6 67. Kb5) 63... g2 $2 {[%emt 0:00:30]} (63... Kf4 $11) 64. Qxe4 {[%emt 0:00:30]} Rb2+ {[%emt 0:00:30]} 65. Kc6 {[%emt 0:00:30]} g1=Q {[%emt 0:00:30]} 66. Qxe5+ {[%emt 0:00:30] Double Attack} Kh4 {[%emt 0:00:30]} 67. Qh8+ {[%emt 0:00:30]} Kg3 {[%emt 0:00:30]} 68. Qg7+ {[%emt 0:00:30]} Kf2 {[%emt 0:00:30]} 69. Qxb2+ {[%emt 0:00:30]} Kf3 {[%emt 0:00:30]} 70. d6 {[%emt 0:00:30]} Qg8 {[%emt 0:00:30]} 71. Qf6+ {[%emt 0:00:30]} Kg2 {[%emt 0:00:30]} 72. d7 {[%emt 0:00:30]} Qa8+ {[%emt 0:00:30]} 73. Kd6 {[%emt 0:00:30]} Qa6+ {[%emt 0:00:30]} 74. Ke7 {[%emt 0:00:30]} Qb7 {[%emt 0:00:30]} 75. c6 {[%emt 0:00:30]} Qb4+ {[%emt 0:00:30]} 76. Kf7 {[%emt 0:00:30]} 1-0

[Event "SAIF POWERTEC 45th BAN Ch 2019"]
[Site "Dhaka"]
[Date "2019.11.11"]
[Round "10.1"]
[White "Murshed, Niaz"]
[Black "Manon, Reja Neer"]
[Result "1-0"]
[WhiteElo "2400"]
[BlackElo "2030"]
[Annotator "TA"]
[PlyCount "43"]
[EventDate "2019.11.02"]
[EventType "swiss"]
[EventCountry "BAN"]
[SourceTitle "playchess.com"]
[Source "ChessBase"]
[SourceQuality "1"]

{[%evp 20,43,42,31,32,18,92,93,150,68,84,75,73,55,314,284,251,225,285,287,270,260,363,347,331,341]} 1. d4 Nf6 2. c4 e6 3. Nf3 d5 4. Nc3 Be7 5. Bf4 O-O 6. e3 c6 7. Bd3 Nbd7 8. O-O dxc4 9. Bxc4 b5 10. Bd3 Bb7 11. Rc1 a6 {D37: Queen's Gambit Declined: 5 Bf4} 12. Ne4 Qb6 $146 (12... Nxe4 $11 13. Bxe4 g5) ({Predecessor:} 12... Nxe4 13. Bxe4 Qb6 14. Ne5 Nxe5 15. Bxe5 Rac8 16. Qg4 {½-½ (30) Pilaj,H (2354)-Frosch,R (2302) Austria 2018}) 13. Ne5 $16 h6 (13... Nxe5 $142 14. Bxe5 Nxe4 15. Bxe4 g6) 14. Qf3 ({White should play} 14. Bb1 $16) 14... c5 $14 15. Nxd7 Nxd7 16. Qg3 Kh8 $2 {[%mdl 8192]} (16... Bxe4 $1 $14 17. Bxe4 Rac8) 17. dxc5 Qc6 18. Bd6 $40 {[%mdl 128] Black is in trouble.} Bxd6 19. Nxd6 {[#] Black must now prevent Be4.} ({Much less strong is} 19. Qxd6 $6 f5 $16) ({Don't do} 19. cxd6 $6 Qd5 $16) 19... Nf6 20. Be2 e5 21. Nxb7 Qxb7 22. Qxe5 {Accuracy: White = 69%, Black = 21%.} 1-0

[Event "SAIF POWERTEC 45th BAN Ch 2019"]
[Site "Dhaka"]
[Date "2019.11.11"]
[Round "10.2"]
[White "Mollah Abdullah, Al Rakib"]
[Black "Rahman, Ziaur"]
[Result "1/2-1/2"]
[WhiteElo "2462"]
[BlackElo "2454"]
[Annotator "TA"]
[PlyCount "55"]
[EventDate "2019.11.02"]
[EventType "swiss"]
[EventCountry "BAN"]
[SourceTitle "playchess.com"]
[Source "ChessBase"]
[SourceQuality "1"]

{[%evp 13,55,-6,-16,-14,-18,-17,-17,-2,0,-3,-6,-52,16,-33,31,23,25,13,36,20,21,20,22,0,0,0,33,22,21,21,59,41,89,35,53,52,48,0,10,0,0,0,8,0]} 1. d4 d5 2. Nf3 Nf6 3. c4 e6 4. Nc3 Bb4 5. g3 O-O 6. Bg2 dxc4 7. O-O Nc6 8. Qa4 {E20: Nimzo-Indian: 4 g3 and 4 f3} Nd5 9. Qc2 Be7 10. Rd1 a6 (10... Ncb4 11. Qd2 Rb8 12. Ne5 Nb6 13. a3 N4d5 14. e4 Nxc3 15. Qxc3 Bd7 16. Nxc4 Nxc4 17. Qxc4 {1-0 (70) Dubov,D (2700)-Anand,V (2764) Paris 2019}) 11. e4 Ndb4 12. Qb1 $146 ({Predecessor:} 12. Qe2 Nd3 13. Be3 f5 14. exf5 exf5 15. d5 Ncb4 {1-0 (49) Harutyunian,T (2504)-Babujian,L (2459) Yerevan 2018}) 12... Na5 (12... Nd3 $15) 13. Be3 Qe8 (13... b5 $15) 14. Bf4 $14 c5 15. dxc5 Bxc5 16. e5 Be7 17. Ng5 $36 {[%csl Gg5][%cal Rb1h7][%mdl 2048] [#] White is more active.} Nd3 18. Be4 Bxg5 19. Bxg5 h6 20. Be3 Nc6 21. f4 f6 22. exf6 Rxf6 23. Bxd3 (23. b3 $16 b5 24. a4 (24. Bxd3 cxd3 25. Qxd3 Rf5 $16)) 23... cxd3 24. Ne4 $1 {[%cal Re4f6]} Rf8 $1 25. Qxd3 {[#] And now Bc5 would win.} Qh5 {The position is equal.} 26. Bc5 Rf5 27. Rac1 Rd5 28. Qc2 {Accuracy: White = 55%, Black = 54%.} 1/2-1/2

[Event "SAIF POWERTEC 45th BAN Ch 2019"]
[Site "Dhaka"]
[Date "2019.11.11"]
[Round "10.3"]
[White "Mohammad Fahad, Rahman"]
[Black "Hossain, Enamul"]
[Result "1/2-1/2"]
[WhiteElo "2247"]
[BlackElo "2433"]
[Annotator "TA"]
[PlyCount "135"]
[EventDate "2019.11.02"]
[EventType "swiss"]
[EventCountry "BAN"]
[SourceTitle "playchess.com"]
[Source "ChessBase"]
[SourceQuality "1"]

{[%evp 14,135,43,35,37,31,35,46,36,41,59,39,63,51,72,62,50,64,60,62,63,60,72,80,66,72,71,80,99,92,97,81,104,104,97,104,115,93,135,132,135,136,132,129,127,134,143,140,176,152,139,131,129,94,116,31,84,79,80,59,39,14,21,0,0,0,79,13,192,200,197,193,193,193,193,193,189,189,188,191,191,191,191,188,191,191,191,172,198,193,193,158,158,168,135,131,222,183,188,187,192,192,189,185,222,222,214,-116,-116,-116,-116,-116,0,0,8,8,8,8,8,0,0,0,0,-8]} 1. e4 c5 2. Nf3 e6 3. d4 cxd4 4. Nxd4 a6 5. Bd3 Bc5 6. Nb3 Ba7 7. O-O Nc6 8. c4 d6 {B42: Sicilian: Kan Variation: 5 Bd3} 9. Qe2 Nf6 10. Rd1 (10. Be3 O-O 11. Nc3 e5 12. Rfd1 Bg4 13. f3 Be6 14. Bxa7 Rxa7 15. Rac1 Nd7 16. Qe3 b6 {1-0 (36) Caruana,F (2811)-Bykhovsky,A (2496) chess.com INT 2018}) 10... e5 {And now ...Bg4 would win.White is slightly better.} 11. Be3 a5 $146 ({Predecessor:} 11... Be6 12. Bxa7 Rxa7 13. Nc3 O-O 14. Nd5 Nd7 15. Qe3 b6 16. Nd2 a5 17. b3 Qb8 {½-½ (29) German,N (2178)-Salinas Herrera,P (2411) Barcelona 2017}) 12. a4 Bg4 13. f3 Be6 14. Nc3 O-O 15. Nb5 Bxe3+ 16. Qxe3 Nb4 17. Rac1 Qb8 18. Bf1 Rd8 19. Rd2 Ne8 20. Rcd1 h6 21. Nc5 Bc8 22. b3 b6 23. Nd3 Nc6 24. Nc1 Ba6 25. Ne2 Bxb5 26. axb5 Ne7 27. Nc3 Qc7 28. g3 Nf6 29. Bh3 Kf8 30. Kh1 Ke8 31. f4 Ng6 32. Na4 Rab8 33. Bf5 Ne7 34. Kg1 ({White should try} 34. Nc3 $16) 34... Nxf5 (34... d5 $14) 35. exf5 $16 Kf8 36. h3 Kg8 37. Kh2 Re8 38. Rxd6 exf4 39. Qxf4 Re4 (39... Re2+ $11 40. Kg1 Rbe8) 40. Rd7 ({Better is} 40. Qf2 $16) 40... Re2+ $2 (40... Rxf4 $11 {and Black stays safe.} 41. Rxc7 Rf2+ 42. Kh1 Rf3) 41. Kg1 $18 Qxf4 42. Rd8+ Kh7 43. gxf4 Rb7 44. R8d6 Rbe7 45. R6d2 ({Don't play} 45. Nxb6 $6 Rb2 $16) ({Stronger than} 45. Rxb6 R7e3 $11) 45... Rxd2 46. Rxd2 {[%mdl 4096] Endgame KRN-KRN} Re3 47. Nxb6 Rxb3 48. Ra2 Ne4 49. Rxa5 Nd6 50. Ra8 Rb1+ 51. Kf2 Rb2+ 52. Ke1 Nxf5 53. Nd7 Ne3 54. c5 Rxb5 (54... Ng2+ $16 55. Kf1 Ne3+ 56. Kg1 Rxb5) 55. c6 Nd5 56. Nf8+ Kg8 57. Rd8 {Strongly threatening Ne6+.} Rb1+ 58. Kd2 Rb5 59. f5 {White threatens Ng6+ and mate.} g5 {[#]} 60. Kd3 $2 ({White has to play} 60. f6 $1 $18 {[%mdl 512]}) 60... Nb4+ $17 {[%mdl 64] Double Attack, Discovered Attack} 61. Kc4 {White wants to mate with Ne6+.} Nxc6 62. Rc8 Ne7 (62... Rb4+ $17 63. Kc5 Rb8 64. Rxc6 Rxf8 65. Rxh6 Kg7) 63. Ra8 $11 {The position is equal.} ({Wrong is} 63. Re8 $2 Nxf5 64. Ne6+ Kh7 $19) 63... Rxf5 {Hoping for ...Kg7.} 64. Ng6+ $1 Kg7 65. Nxe7 Rf3 66. h4 gxh4 67. Kd4 h3 68. Ra2 {Accuracy: White = 59%, Black = 63%.} 1/2-1/2

[Event "SAIF POWERTEC 45th BAN Ch 2019"]
[Site "Dhaka"]
[Date "2019.11.11"]
[Round "10.4"]
[White "Rahman, Taibur"]
[Black "Reefat, Bin-Sattar"]
[Result "1/2-1/2"]
[WhiteElo "2196"]
[BlackElo "2417"]
[Annotator "TA"]
[PlyCount "45"]
[EventDate "2019.11.02"]
[EventType "swiss"]
[EventCountry "BAN"]
[SourceTitle "playchess.com"]
[Source "ChessBase"]
[SourceQuality "1"]

{[%evp 9,45,55,55,47,57,40,45,45,45,38,36,29,45,30,27,40,39,12,31,36,34,-18,-20,-13,0,0,0,0,34,34,34,25,26,44,39,43,72,73]} 1. d4 e6 2. c4 b6 3. e4 Bb7 4. Bd3 Bb4+ 5. Kf1 Be7 6. Nf3 {A40: Unusual replies to 1 d4} d6 7. Nc3 Nd7 8. g3 {White is slightly better.} Bf6 9. Kg2 Ne7 10. h4 c5 $146 ({Predecessor:} 10... O-O 11. Bg5 c5 12. d5 Bxc3 13. bxc3 {½-½ (46) Goganov,A (2564)-Alekseev,E (2616) Serpukhov 2018}) 11. d5 Bxc3 12. bxc3 h6 13. Re1 O-O 14. a4 f5 15. exf5 (15. Qe2 $14) 15... exd5 $11 16. Qe2 Nxf5 17. Qe6+ {[%mdl 64] [#] Double Attack} Rf7 $1 {And now ...Nf8 would win.} 18. cxd5 ({But not} 18. Bxf5 Nf8 $17) 18... Nf8 $1 {[%cal Rf8e6]} 19. Qe4 $36 {[%mdl 2048] Black is under pressure.} Qf6 20. Qxf5 $1 Qxf5 21. Bxf5 Rxf5 22. c4 Ba6 {[#]} 23. Nd2 $1 {Accuracy: White = 74%, Black = 81%.} 1/2-1/2

[Event "SAIF POWERTEC 45th BAN Ch 2019"]
[Site "Dhaka"]
[Date "2019.11.11"]
[Round "10.5"]
[White "Mohammad Minhaz Uddin"]
[Black "Mohammad, Javed"]
[Result "1-0"]
[WhiteElo "2322"]
[BlackElo "2141"]
[Annotator "TA"]
[PlyCount "81"]
[EventDate "2019.11.02"]
[EventType "swiss"]
[EventCountry "BAN"]
[SourceTitle "playchess.com"]
[Source "ChessBase"]
[SourceQuality "1"]

{[%evp 21,81,35,41,40,51,37,41,18,24,21,54,54,143,60,76,66,53,19,9,0,0,0,56,69,60,66,89,11,7,0,23,23,91,8,5,11,37,0,93,64,61,40,218,225,367,377,368,355,379,244,404,404,430,397,392,390,496,489,668,660,996,983]} 1. e4 e6 2. d4 d5 3. Nd2 c5 4. Ngf3 cxd4 5. exd5 Qxd5 6. Bc4 Qd6 7. O-O Nf6 8. Nb3 Nc6 9. Nbxd4 Nxd4 10. Nxd4 a6 11. Re1 Qc7 12. Bb3 {C07: French Tarrasch: 3...c5, 4 Ngf3 and 4 exd5 Qxd5} (12. Bf1 Be7 13. Qf3 O-O 14. Bf4 Bd6 15. Bxd6 Qxd6 16. Rad1 Qc7 17. c4 Rb8 18. Qg3 Qxg3 19. hxg3 Bd7 {½-½ (61) Karjakin,S (2773)-Duda,J (2737) chess.com INT 2018}) 12... Be7 13. Qf3 O-O 14. c3 {White is slightly better.} Bd6 $1 15. h3 Bd7 16. Bg5 Be5 $146 ({Better is} 16... Bc6 $14 17. Nxc6 Qxc6) ({Predecessor:} 16... Be7 17. Rad1 h6 18. Bf4 Qc8 19. Be5 Rd8 20. Bc2 b5 21. Qd3 g6 {1-0 (32) Zovko,M (2292)-Lesic,K (2061) Bosnjaci 2016}) 17. Rad1 (17. Qe3 $1 $16 {[%cal Re3e5]} h6 18. Qxe5 Qxe5 19. Rxe5 hxg5 20. Rxg5) 17... h6 {[#]} 18. Bh4 $1 Rad8 19. Bc2 (19. Qe2 $5 {[%cal Re2e5]} Bh2+ 20. Kh1 $14) 19... Bc6 $36 {[%mdl 2048] Black is pushing.} 20. Qd3 g5 21. Bg3 Bf4 (21... Bxg3 $1 $11 22. Qxg3 Qxg3 23. fxg3 Rd6) 22. Bxf4 $14 Qxf4 23. Qe2 Bd5 {[#]} 24. Bb3 ({White should try} 24. c4 $1 $16 {[%cal Rc4d5]} Bc6 25. g3 (25. Nxc6 bxc6 26. g3 Qb8 $14)) 24... Bxb3 $11 25. axb3 Rd7 (25... Rd5 {looks sharper.} 26. Rd3 Qd6 27. b4 Rd8 28. b5 Kg7) 26. Rd3 Nd5 (26... Kg7 $11) 27. Qh5 (27. g3 $16 Qf6 28. Nf3) 27... Qf6 {Threatens to win with ...Nf4.} 28. g3 Qg7 29. Qe2 Rd6 (29... Rfd8 $11) 30. Red1 Rfd8 31. Nf3 {aiming for c4.} (31. Nc2 $5 {[%cal Rc3c4]}) 31... Qf8 $2 (31... g4 $1 $14 32. Nh4 gxh3) 32. Qd2 $18 R6d7 (32... e5 {was necessary.} 33. Nxe5 Qg7) 33. Ne5 Rd6 34. c4 Qg7 35. Nf3 g4 $2 (35... R6d7 36. cxd5 Rxd5) 36. hxg4 Qxg4 37. cxd5 Rxd5 38. Qe2 ({Don't do} 38. Rxd5 Rxd5 39. Qe2 Rxd1+ 40. Qxd1 Qe4 $18) 38... Qg7 39. Rxd5 {White is clearly winning.} exd5 40. Rd4 h5 41. Qe7 {Accuracy: White = 41%, Black = 34%.} 1-0